| 000 | 00754nam a2200253Ia 4500 | ||
|---|---|---|---|
| 003 | OSt | ||
| 005 | 20220928130503.0 | ||
| 006 | a|||||r|||| 00| 0 | ||
| 007 | ta | ||
| 008 | 220927b |||||||| |||| 00| 0 eng d | ||
| 020 | _c4890 | ||
| 024 | _a99724 | ||
| 037 |
_b44, 28/09/2009, Better Book Service _cTextual |
||
| 040 |
_aSDCL _cSDCL _beng |
||
| 041 |
_2eng _aeng |
||
| 082 | _aO121,1G65x, P7 | ||
| 100 |
_aLewis Roger C _9474141 |
||
| 245 | 0 |
_aHouse of life _b A sonnet-sequence by dante Gabriel Rossetti. |
|
| 260 |
_aUK _bBoydell & Brewer _c2007 |
||
| 300 |
_axxi,301p. _ccm. |
||
| 650 | _aEnglish | ||
| 942 |
_hO121,1G65x, P7 _cTEXL _2CC |
||
| 999 |
_c786772 _d786772 |
||